000 00785nam a2200253Ia 4500
003 OSt
005 20220928113053.0
006 a|||||r|||| 00| 0
007 ta
008 220927b |||||||| |||| 00| 0 eng d
020 _c5433.3999999999996
024 _a107411
037 _b502A, 01/02/2010, Pioneer Book Distributors
_cTextual
040 _aSDCL
_cSDCL
_beng
041 _2eng
_aeng
082 _aV2:(Q7)'P, P9
100 _aJackson Peter
_9431494
245 0 _aStudies on the Mongol empire and early muslim India
260 _aFarnham
_bAshgate Variorum
_c2009
300 _avarious pagenitions
_ccm.
650 _aHistory
942 _hV2:(Q7)'P, P9
_cTEXL
_2CC
999 _c747946
_d747946